000 00318nam a2200157Ia 4500
100 _aSchiller/Jochen
250 _a2
942 _cBK
366 _f15
654 _amobile
245 _aMobile communications
260 _bPearson Education
_c2003
082 _a621.382
_bSCH
300 _a492
546 _aENGLISH
999 _c18726
_d18726